Estadísticas para Plantilla Girona FC 2021/2022

Haz click aquí para intentar la prueba.

Estadísticas generales

  • Esta prueba ha sido intentada 18 veces
  • La puntuación promedio es 8 de 21

Estadísticas de respuestas

HintRespuesta% Correcto
DELStuani
100%
MCAleix García
83%
PORJuan Carlos
83%
DEFArnau Martínez
75%
MCBorja García
50%
DEFJuanpe
50%
MCSamu Saiz
50%
MCIván Martin
33%
DELNahuel Bustos
33%
DEFValery
33%
DELBaena
25%
DEFEspinosa
25%
DELPablo Moreno
25%
MCPol Lozano
25%
DEFDavid Juncà
17%
MCRamón Terrats
17%
MCVíctor Sánchez
17%
PORAdrián Ortolá
8%
DEFJairo Izquierdo
8%
DEFSanti Bueno
8%
DELSarmiento
8%

Distribución de puntuación

Porcentaje por número respondido

Porcentaje de gente con cada puntuación

Historial de tus puntuaciones

No has intentado esta prueba.